Handbook of psychological anthropology
Αποθηκεύτηκε σε:
| Άλλοι συγγραφείς: | |
|---|---|
| Μορφή: | Βιβλίο |
| Γλώσσα: | English |
| Δημοσίευση: |
Westport :
Greenwood,
1994.
|
| Θέματα: | |
| Ετικέτες: |
Προσθήκη ετικέτας
Δεν υπάρχουν, Καταχωρήστε ετικέτα πρώτοι!
|
MARC
| LEADER | 00000cam a2200000 i 4500 | ||
|---|---|---|---|
| 001 | 1/102090 | ||
| 008 | 950526s1994 eng d | ||
| 020 | |a 0-313-28433-4 | ||
| 035 | |l 10012364 | ||
| 040 | |a GR-MY-UA |b gre |e aacr | ||
| 041 | 0 | |a eng | |
| 082 | 0 | |a 155.8 | |
| 245 | 1 | 0 | |a Handbook of psychological anthropology / |c edited by Philip K. Bock. |
| 260 | |a Westport : |b Greenwood, |c 1994. | ||
| 300 | |a 404 σ. | ||
| 504 | |a Περιλαμβάνει βιβλιογραφικές παραπομπές. | ||
| 650 | 0 | 0 | |a Ethnopsychology. |
| 700 | 1 | |a Bock, Philip K. |e edt | |
| 852 | |a INST |b LESVOS |e 19950526 |h 155.8 HAN |p 005100008351 |q 005100008351 |t BK |y 0 | ||
| 909 | |a Λ |b 041213 | ||
| 950 | |a 020-1995-02-23 | ||